Training and Development:concept and practice (Record no. 3523)

MARC details
000 -LEADER
fixed length control field 00416nam a22001697a 4500
005 - DATE AND TIME OF LATEST TRANSACTION
control field 20180810151459.0
008 - FIXED-LENGTH DATA ELEMENTS--GENERAL INFORMATION
fixed length control field 160622b xxu||||| |||| 00| 0 eng d
020 ## - INTERNATIONAL STANDARD BOOK NUMBER
ISBN 81-7629-660-0
041 ## - LANGUAGE CODE
Language code of text/sound track or separate title eng
082 ## - DEWEY DECIMAL CLASSIFICATION NUMBER
Item number 9156
Classification number 658.3124
100 ## - MAIN ENTRY--AUTHOR NAME
Personal name Bhatia, S.K.
245 ## - TITLE STATEMENT
Title Training and Development:concept and practice
260 ## - PUBLICATION, DISTRIBUTION, ETC. (IMPRINT)
Name of publisher Deep and Deep
300 ## - PHYSICAL DESCRIPTION
Number of Pages 383p,
650 ## - SUBJECT ADDED ENTRY--TOPICAL TERM
Topical Term Management
942 ## - ADDED ENTRY ELEMENTS (KOHA)
Koha item type Books
Holdings
Lost status Damaged status Home library Current library Shelving location Date acquired Cost, normal purchase price Full call number Accession Number Koha item type
Lost   JRU Library JRU Library SHELF - 18 - N 22/06/2016 380.00 658.3124 9156 Books